000 00594nam a2200157 i 4500
001 35214
003 ES-MaACL
007 t|
008 030212s1914 sp ||||1| spa d
100 1 _aBölsche, Wilhelm.
_930007
245 1 4 _aLos continentes y los mares
_b: sus variaciones en los periodos geológicos /
_cpor Wilhelm Bölsche ; traducido de la sexta edición alemana por Maximino San Miguel de la Cámara.
260 _aBarcelona :
_b[s.n.,
_c1914] (
_fImp. Elzeviriana)
300 _a119 p. ;
_c21 cm.
700 1 _aSan Miguel de la Cámara, Maximino.
_9102284
852 _aES-MaACL
_jB-3092
999 _c35214
_d35214